A Summary of the Changes in the Jurisdiction of Districts in Bengal 1757-1916 / (Record no. 26795)
[ view plain ]
| 000 -LEADER | |
|---|---|
| fixed length control field | 00699nam a22001937a 4500 |
| 003 - CONTROL NUMBER IDENTIFIER | |
| control field | BDDh-ASL |
| 005 - DATE AND TIME OF LATEST TRANSACTION | |
| control field | 20231015030703.0 |
| 008 - FIXED-LENGTH DATA ELEMENTS--GENERAL INFORMATION | |
| fixed length control field | 211019s1999 ii ||||| |||| 00| 0 eng d |
| 040 ## - CATALOGING SOURCE | |
| Transcribing agency | BDDh-ASL |
| 082 ## - DEWEY DECIMAL CLASSIFICATION NUMBER | |
| Classification number | 954 |
| Item number | BAS |
| 100 1# - MAIN ENTRY--PERSONAL NAME | |
| 9 (RLIN) | 5159 |
| Personal name | Bahadur, Rai Monmohon Chakrabatti |
| 245 10 - TITLE STATEMENT | |
| Title | A Summary of the Changes in the Jurisdiction of Districts in Bengal 1757-1916 / |
| Statement of responsibility, etc. | Kumud Ranjan Biswas |
| 260 ## - PUBLICATION, DISTRIBUTION, ETC. | |
| Place of publication, distribution, etc. | Calcutta: |
| Name of publisher, distributor, etc. | West Bengal District Gazetteers, Dept. of Higher Education, Govt. of West Bengal, |
| Date of publication, distribution, etc. | 1999. |
| 300 ## - PHYSICAL DESCRIPTION | |
| Extent | 544 p. : |
| Dimensions | 22 cm. |
| 504 ## - BIBLIOGRAPHY, ETC. NOTE | |
| Bibliography, etc. note | Include Bibliographical References |
| 650 #0 - SUBJECT ADDED ENTRY--TOPICAL TERM | |
| 9 (RLIN) | 981 |
| Topical term or geographic name entry element | Bengal History |
| General subdivision | History |
| 700 1# - ADDED ENTRY--PERSONAL NAME | |
| 9 (RLIN) | 5160 |
| Personal name | Biswas, Kumar Ranjan |
| 942 ## - ADDED ENTRY ELEMENTS (KOHA) | |
| Source of classification or shelving scheme | Dewey Decimal Classification |
| Koha item type | Books |
| Withdrawn status | Lost status | Source of classification or shelving scheme | Damaged status | Not for loan | Collection code | Home library | Current library | Shelving location | Date acquired | Source of acquisition | Total Checkouts | Full call number | Barcode | Date last seen | Copy number | Price effective from | Koha item type | Public note |
|---|---|---|---|---|---|---|---|---|---|---|---|---|---|---|---|---|---|---|
| Dewey Decimal Classification | Non-fiction | Asiatic Society Library | Asiatic Society Library | General Stacks | 10/19/2021 | Mahbub Siddiq, Rajshahi | 954 BAS | 112857 | 10/19/2021 | C-1 | 10/19/2021 | Books | RARE |